000
00338nam a2200145Ia 4500
008
191201s2012 xx 000 0 und d
082
_a
658.8
_b
NEM
100
_a
NEELAMEGHAM, S
245
0
_a
Marketing in India
250
_a
3rd
260
_a
N.Delhi
_b
Vikas Publication House
_c
2012
300
_a
706
650
_a
MBA
942
_2
ddc
_c
BK
999
_c
3022
_d
3022